000 00779nam a22002411c 4500
001 a987675635
008 160216s2013 gw |||| 000u rus d
020 _a9785824318012
_9978-5-8243-1801-2
041 _arus
245 0 0 _aIstorija stalinizma: žizn' v terrore :
_bSocial'nye aspekty repressij ; materialy meždunarodnoj naučnoj konferencii. Sankt-Peterburg, 18-20 oktjabrja 2012 g.
264 _aMoskva :
_bROSSPEN,
_c2013
300 _a484 S.
650 0 _aStalinismus
650 0 _aTerror
655 0 _aAufsatzsammlung
700 1 _aSorokin, Andrej
_eHerausgeberIn
700 1 _aKobak, Aleksandr
_eHerausgeberIn
700 1 _aKuvaldina, O.
_eHerausgeberIn
942 _cMG
040 _cRU-10907106
003 RU-10907106
999 _c33779
_d33779
490 0 _aIstorija stalinizma : debaty